[Event "AUTO-OPEN-3112"]
[Site "http://www.queenalice.com/game.php?id=1228774"]
[Date "2013.10.31"]
[Round "1"]
[White "goldenboy"]
[Black "rdarrudas"]
[Result "1-0"]
[WhiteElo "2145"]
[BlackElo "1428"]

1. e4 h5 2. d4 c6 3. Nf3 Nf6 4. e5 Ne4 5. Bd3 Nxf2 6. Kxf2 Na6 7. Bxa6 bxa6 8.
d5 Qb6+ 9. Be3 Qxb2 10. Bd4 Qb5 11. Nc3 Qa5 12. d6 exd6 13. exd6 Bxd6 14. Bxg7
Rh7 15. Re1+ Kd8 16. Qxd6 Qb6+ 17. Bd4 Qb2 18. Bf6# 1-0

[Event "AUTO-OPEN-3112"]
[Site "http://www.queenalice.com/game.php?id=1228775"]
[Date "2013.10.31"]
[Round "1"]
[White "rdarrudas"]
[Black "goldenboy"]
[Result "0-1"]
[WhiteElo "1441"]
[BlackElo "2125"]

1. d4 d5 2. Nc3 Nf6 3. h3 Bf5 4. g4 Bg6 5. g5 Ne4 6. Rh2 e6 7. f3 Nxg5 8. h4 Qd6
9. Rg2 Nxf3+ 10. Nxf3 Be7 11. Ng5 h6 12. Nb5 Qb4+ 13. c3 Qxb5 14. Bf4 hxg5 15.
e3 Qd7 16. Bxg5 Bxg5 17. Rxg5 Rxh4 18. Qf3 Qe7 19. Re5 Nd7 20. Bb5 c6 21. Bf1
Nxe5 22. dxe5 Be4 23. Qg3 Rh1 24. Qxg7 Qh4+ 25. Kd1 Rxf1+ 26. Ke2 Qf2# 0-1

[Event "AUTO-OPEN-3112"]
[Site "http://www.queenalice.com/game.php?id=1228796"]
[Date "2013.10.31"]
[Round "1"]
[White "rdarrudas"]
[Black "Felipe162503"]
[Result "0-1"]
[WhiteElo "1428"]
[BlackElo "2002"]

1. g3 e5 2. Bg2 Nc6 3. Nf3 Bc5 4. d4 Bxd4 5. Bg5 f6 6. c3 Bxf2+ 7. Kxf2 fxg5 8.
Qd5 Qf6 9. Rd1 g4 10. Rd3 gxf3 11. Rxf3 Nce7 12. Qc4 Qb6+ 13. e3 d5 14. Qa4+ Bd7
15. Qc2 Nf6 16. Na3 Bg4 17. Rxf6 Qxf6+ 18. Kg1 O-O 19. h3 Bd7 20. Rf1 Qh6 21. c4
Qxe3+ 22. Kh1 Rxf1+ 23. Bxf1 Qxg3 24. Bd3 Qxh3+ 25. Qh2 Qxd3 26. Qxe5 Qe4+ 27.
Qxe4 dxe4 28. Nc2 Nf5 29. Kg2 e3 30. Kf3 Re8 31. b4 e2 32. Kf4 e1=Q 33. Nxe1
Rxe1 34. c5 Rg1 35. Ke5 h5 36. Kf4 h4 37. Kf3 h3 38. Kf2 h2 0-1

[Event "AUTO-OPEN-3112"]
[Site "http://www.queenalice.com/game.php?id=1228798"]
[Date "2013.10.31"]
[Round "1"]
[White "rdarrudas"]
[Black "Rod_"]
[Result "0-1"]
[WhiteElo "1416"]
[BlackElo "1532"]

1. c3 e6 2. b4 d5 3. Nf3 h6 4. Ne5 Bd7 5. Nxd7 Qxd7 6. a4 Nf6 7. e3 a6 8. Bd3 e5
9. O-O Bd6 10. f4 O-O 11. Qc2 h5 12. fxe5 Bxe5 13. Rxf6 gxf6 14. Bh7+ Kh8 15. d4
Bd6 16. Nd2 Qg4 17. h3 Qg3 18. Nf1 Qg5 19. e4 Bf4 20. Be3 Bxe3+ 21. Kh1 Kxh7 22.
e5+ Kg7 23. Re1 Bf4 24. g3 Bxg3 25. exf6+ Kxf6 0-1

[Event "AUTO-OPEN-3112"]
[Site "http://www.queenalice.com/game.php?id=1228799"]
[Date "2013.10.31"]
[Round "1"]
[White "Rod_"]
[Black "rdarrudas"]
[Result "1-0"]
[WhiteElo "1543"]
[BlackElo "1398"]

1. e4 Nf6 2. Nc3 d5 3. exd5 Ng4 4. h3 Ne5 5. Nf3 Qd6 6. Nxe5 Qxe5+ 7. Qe2 Nd7 8.
Qxe5 Nxe5 9. d4 Nd7 10. Bd3 g6 11. Nb5 Rb8 12. O-O Bg7 13. c3 O-O 14. Nxa7 Nb6
15. Nxc8 Nxc8 16. Bf4 Nb6 17. Bxc7 Ra8 18. Bxb6 f5 19. Bc4 f4 20. f3 Rac8 21.
d6+ Rxc4 22. dxe7 Re8 23. Rfe1 g5 24. Re6 Kf7 25. d5 h5 26. Rae1 1-0

[Event "AUTO-INT-2751"]
[Site "http://www.queenalice.com/game.php?id=1229082"]
[Date "2013.11.1"]
[Round "1"]
[White "BALASH"]
[Black "rdarrudas"]
[Result "1-0"]
[WhiteElo "1421"]
[BlackElo "1309"]

1. e4 e5 2. Nf3 Nf6 3. Nc3 Nc6 4. Bc4 Qe7 5. a3 Qc5 6. Ba2 Ng4 7. O-O Nd4 8. b4
Nxf3+ 9. gxf3 Qe7 10. fxg4 g6 11. d3 d6 12. Nd5 Qd7 13. Bg5 h6 14. Nf6+ Ke7 15.
Nxd7+ Kxd7 16. Qf3 hxg5 17. Qxf7+ 1-0

[Event "AUTO-INT-2751"]
[Site "http://www.queenalice.com/game.php?id=1229083"]
[Date "2013.11.1"]
[Round "1"]
[White "rdarrudas"]
[Black "BALASH"]
[Result "0-1"]
[WhiteElo "1322"]
[BlackElo "1408"]

1. b3 e5 2. d4 e4 3. e3 Nf6 4. Bc4 d5 5. Bb5+ Nc6 6. Nc3 Bd7 7. a4 Bb4 8. Bd2
O-O 9. h4 h5 10. g4 Nxg4 11. Qe2 a6 12. Nxd5 Na7 13. Bxb4 Nxb5 14. axb5 a5 15.
Ba3 Re8 16. O-O-O b6 17. Nh3 g6 0-1

[Event "AUTO-INT-2751"]
[Site "http://www.queenalice.com/game.php?id=1229098"]
[Date "2013.11.1"]
[Round "1"]
[White "thigo"]
[Black "rdarrudas"]
[Result "1-0"]
[WhiteElo "1611"]
[BlackElo "1375"]

1. e4 g6 2. b3 Bg7 3. d4 Nf6 4. e5 Ne4 5. Nf3 c5 6. d5 Qa5+ 7. Bd2 Qb6 8. Bc4
O-O 9. c3 f5 10. d6+ e6 11. O-O h5 12. a3 a5 13. Be3 f4 14. Bd2 g5 15. h3 Nc6
16. Qe1 Nxd2 17. Nbxd2 g4 18. hxg4 hxg4 19. Ng5 Nxe5 20. Qe4 Qxd6 21. Rad1 1-0

[Event "AUTO-INT-2751"]
[Site "http://www.queenalice.com/game.php?id=1229099"]
[Date "2013.11.1"]
[Round "1"]
[White "rdarrudas"]
[Black "thigo"]
[Result "0-1"]
[WhiteElo "1367"]
[BlackElo "1618"]

1. b3 e5 2. Bb2 Nc6 3. g3 d5 4. Bg2 e4 5. Nh3 Bf5 6. Nf4 Nf6 7. e3 Bg4 8. f3
exf3 9. Bxf3 Bxf3 10. Qxf3 Bd6 11. Nxd5 Nxd5 12. Qxd5 Bxg3+ 13. hxg3 Qxd5 14.
Na3 Nb4 15. O-O-O O-O 16. Rh4 Na6 17. c4 Qg5 18. Nb5 Nb4 19. Kb1 Qxg3 20. Rd4 c6
0-1

[Event "AUTO-INT-2751"]
[Site "http://www.queenalice.com/game.php?id=1229108"]
[Date "2013.11.1"]
[Round "1"]
[White "Admilton"]
[Black "rdarrudas"]
[Result "1-0"]
[WhiteElo "1648"]
[BlackElo "1383"]

1. d4 c5 2. c4 Qa5+ 3. Nc3 g6 4. Bd2 cxd4 5. Nd5 Qd8 6. Bb4 d6 7. Qxd4 e5 8. Qe4
Nf6 9. Nxf6+ Qxf6 10. e3 Na6 11. Nf3 Nxb4 12. a3 Bf5 13. Qxb7 Rd8 14. Qxb4 d5
15. Qa4+ Bd7 16. Qxa7 h5 17. Rc1 d4 18. exd4 e4 19. Ne5 e3 20. f3 h4 21. c5 Rh5
22. c6 1-0

[Event "AUTO-OPEN-3113"]
[Site "http://www.queenalice.com/game.php?id=1229191"]
[Date "2013.11.2"]
[Round "1"]
[White "lpessoa"]
[Black "rdarrudas"]
[Result "1-0"]
[WhiteElo "1476"]
[BlackElo "1440"]

1. d4 e5 2. d5 Nf6 3. g3 Ng4 4. h3 Nh6 5. Bxh6 gxh6 6. Nc3 Bc5 7. e4 Qf6 8. Nf3
d6 9. Qe2 Na6 10. Qb5+ c6 11. dxc6 O-O 12. cxb7 Nc7 13. Qc6 Bxb7 14. Qxc7 Bc8
15. Qc6 Qxf3 16. Rh2 f5 17. Qxa8 Bxf2+ 18. Rxf2 Qxg3 19. Nd1 fxe4 20. Qxe4 1-0

[Event "AUTO-OPEN-3113"]
[Site "http://www.queenalice.com/game.php?id=1229192"]
[Date "2013.11.2"]
[Round "1"]
[White "rdarrudas"]
[Black "lpessoa"]
[Result "0-1"]
[WhiteElo "1469"]
[BlackElo "1460"]

1. Nc3 d5 2. d4 h6 3. e4 dxe4 4. Nxe4 Bf5 5. f3 a6 6. Nc5 b6 7. Nb7 Qd5 8. c4
Qe6+ 9. Be2 Ra7 10. d5 Qe5 11. d6 Rxb7 12. d7+ Nxd7 13. g4 Bg6 14. a4 e6 15. a5
bxa5 16. Qa4 Bd3 17. Bd2 Bxe2 18. Nxe2 Qxb2 0-1

[Event "AUTO-OPEN-3113"]
[Site "http://www.queenalice.com/game.php?id=1229233"]
[Date "2013.11.2"]
[Round "1"]
[White "Lucio1973"]
[Black "rdarrudas"]
[Result "1-0"]
[WhiteElo "2082"]
[BlackElo "1375"]

1. e4 d5 2. exd5 Qxd5 3. Nc3 Qe5+ 4. Be2 Nc6 5. Nf3 Qc5 6. d4 Qd6 7. O-O h5 8.
Ne4 Qd5 9. Nc3 Qf5 10. Re1 Nf6 11. Bd3 Qg4 12. h3 Qd7 13. Be3 1-0

[Event "AUTO-OPEN-3113"]
[Site "http://www.queenalice.com/game.php?id=1229234"]
[Date "2013.11.2"]
[Round "1"]
[White "rdarrudas"]
[Black "Lucio1973"]
[Result "0-1"]
[WhiteElo "1469"]
[BlackElo "2074"]

1. g4 d5 2. g5 e5 3. Nf3 e4 4. Ne5 Qxg5 5. d4 Qh5 6. Bg2 Nf6 7. c4 dxc4 8. Qa4+
c6 9. Qxc4 Be6 10. Qa4 Bd6 11. O-O Nbd7 12. Nc4 Qxh2# 0-1

[Event "Challenge"]
[Site "http://www.queenalice.com/game.php?id=1233774"]
[Date "2013.11.20"]
[Round "-"]
[White "rodrigochess"]
[Black "rdarrudas"]
[Result "0-1"]
[WhiteElo "1376"]
[BlackElo "1441"]

1. e4 e6 2. Nf3 g5 3. h3 Nc6 4. Bb5 Na5 5. Nc3 a6 6. Be2 h5 7. O-O g4 8. hxg4
hxg4 9. Ne5 Qh4 10. f3 Bc5+ 11. d4 Qg3 12. Qe1 Bxd4+ 13. Rf2 Qh2+ 14. Kf1 Qh1#
0-1